Normal view
MARC view
- Kleemann, M
Entry Personal Name
001 - CONTROL NUMBER
- control field: 5753
003 - CONTROL NUMBER IDENTIFIER
- control field: OSt
005 - DATE AND TIME OF LATEST TRANSACTION
- control field: 20240119142911.0
008 - FIXED-LENGTH DATA ELEMENTS
- fixed length control field: 240119|| aca||aabn | a|a d
040 ## - CATALOGING SOURCE
- Original cataloging agency: OSt
- Transcribing agency: OSt
100 ## - HEADING--PERSONAL NAME
- Personal name: Kleemann, M
670 ## - SOURCE DATA FOUND
- Source citation: Work cat.: (OSt)10292: Bansal, N K . 5752, Renewable energy sources and conversion technology / , 1990.
